Lucifer Quiz - Statistics

General Stats
  • This quiz has been taken 165 times
  • The average score is 11 of 15
Answer Stats
Hint Answer % Correct
Devil Lucifer
100%
Lucifers real job Ruling Hell
100%
lucifer's power desire's
99%
Lucifers dad God
94%
Number 3's lover Eve
92%
First woman Eve
92%
Number 1's love Chloe Decker
91%
First man Adam
89%
lucifers older brother Amenadiel
87%
Demon torturer Maze
85%
Nickname for Number 4 Detective
78%
Lucifer's twin Michael
71%
Number 2's son Charlie
38%
Lucifers dad's job Rule Humanity
14%
Lucifers human job Civilian Consultant
8%
No matching quizzes found
Score Distribution
Percent of People with Each Score
Percentile by Number Answered
Your Score History
You have not taken this quiz